Education and the process of change (Record no. 613146)

MARC details
000 -LEADER
fixed length control field 00805nam a2200277Ia 4500
003 - CONTROL NUMBER IDENTIFIER
control field OSt
005 - DATE AND TIME OF LATEST TRANSACTION
control field 20220926005212.0
008 - FIXED-LENGTH DATA ELEMENTS--GENERAL INFORMATION
fixed length control field 220923b |||||||| |||| 00| 0 eng d
020 ## - INTERNATIONAL STANDARD BOOK NUMBER
International Standard Book Number 080399527X
037 ## - SOURCE OF ACQUISITION
Terms of availability General Book
040 ## - CATALOGING SOURCE
Original cataloging agency RTL
Transcribing agency RTL
Language of cataloging eng
041 ## - LANGUAGE CODE
Source of code eng
Language code of text/sound track or separate title eng
100 ## - MAIN ENTRY--PERSONAL NAME
Personal name Ghosh Ratna
9 (RLIN) 309844
245 #0 - TITLE STATEMENT
Title Education and the process of change
260 ## - PUBLICATION, DISTRIBUTION, ETC.
Place of publication, distribution, etc. New Delhi
Name of publisher, distributor, etc. Sage Publications
Date of publication, distribution, etc. 1987
300 ## - PHYSICAL DESCRIPTION
Extent 301p.
Dimensions cm.
500 ## - GENERAL NOTE
General note Bibliography Chapterwise
650 ## - SUBJECT ADDED ENTRY--TOPICAL TERM
Topical term or geographic name entry element Sociology
650 ## - SUBJECT ADDED ENTRY--TOPICAL TERM
Topical term or geographic name entry element Sociology of Education
700 ## - ADDED ENTRY--PERSONAL NAME
Personal name Zacharian Mathew Ed.
9 (RLIN) 309845
942 ## - ADDED ENTRY ELEMENTS (KOHA)
Classification part Y9(T).2.N8, M7/TD
Koha item type General Books
Source of classification or shelving scheme Colon Classification (CC)
Holdings
Withdrawn status Lost status Damaged status Not for loan Home library Current library Date acquired Total Checkouts Full call number Barcode Date last seen Price effective from Koha item type
        Ratan Tata Library Ratan Tata Library 2022-09-26   Y9(T).2.N8 M7/TD RTPC009376 2022-09-26 2022-09-26 General Books
Copyright @ Delhi University Library System